Toefl junior language form and meaning : New oriental education and technology grroup

Contents: general introduction to TOEFL junior test; reading comprehension overview; how to use this book.

সংরক্ষণ করুন:
গ্রন্থ-পঞ্জীর বিবরন
বিন্যাস: গ্রন্থ
ভাষা:Undetermined
প্রকাশিত: Thành phố Hồ Chí Minh Tổng hợp Thành phố Hồ Chí Minh 2015
বিষয়গুলি:
ট্যাগগুলো: ট্যাগ যুক্ত করুন
কোনো ট্যাগ নেই, প্রথমজন হিসাবে ট্যাগ করুন!
Thư viện lưu trữ: Trung tâm Học liệu Trường Đại học Cần Thơ
LEADER 00833nam a2200217Ia 4500
001 CTU_196837
008 210402s9999 xx 000 0 und d
020 |c 138000 
082 |a 428.0076 
082 |b T641 
245 0 |a Toefl junior language form and meaning : 
245 0 |b New oriental education and technology grroup 
245 0 |c Nguyễn Kim Minh biên tập 
260 |a Thành phố Hồ Chí Minh 
260 |b Tổng hợp Thành phố Hồ Chí Minh 
260 |c 2015 
520 |a Contents: general introduction to TOEFL junior test; reading comprehension overview; how to use this book. 
650 |a English language,Anh ngữ 
650 |x Examinations,Study guides.,Kỳ thi,Hướng dẫn học 
904 |i Tuyến 
980 |a Trung tâm Học liệu Trường Đại học Cần Thơ